书目信息 |
| 题名: |
民法练习题集
|
|
| 作者: | 王轶 主编 | |
| 分册: | ||
| 出版信息: | 北京 中国人民大学出版社 2007 |
|
| 页数: | 407页 | |
| 开本: | 26cm | |
| 丛书名: | ||
| 单 册: | ||
| 中图分类: | D923.04 | |
| 科图分类: | ||
| 主题词: | 民法--中国--习题 | |
| 电子资源: | ||
| ISBN: | 978-7-300-08628-6 | |
| 000 | 00771nam0 2200265 450 | |
| 001 | 012004196669 | |
| 005 | 20080226091729.90 | |
| 009 | 012004196669 | |
| 010 | @a978-7-300-08628-6@dCNY35.00 | |
| 035 | @a(110017)062007056605 | |
| 100 | @a20071214d2007 em y0chiy0110 ea | |
| 101 | 0 | @achi |
| 102 | @aCN@b110000 | |
| 105 | @ay q 000yy | |
| 106 | @ar | |
| 200 | 1 | @a民法练习题集@Amin fa lian xi ti ji@f王轶主编 |
| 210 | @a北京@c中国人民大学出版社@d2007 | |
| 215 | @a407页@d26cm | |
| 300 | @a21世纪法学系列教材配套辅导用书 | |
| 330 | @a本书共分为六编,包括民法总论、物权、债权总论、人身权和民事责任等内容。 | |
| 606 | 0 | @a民法@y中国@x习题 |
| 690 | @aD923.04@v4 | |
| 701 | 0 | @a王轶@Awang yi@4主编 |
| 801 | 0 | @aCN@b110017@c20080226 |
| 905 | @dD923.04@e850@f10 | |
| 民法练习题集/王轶主编.-北京:中国人民大学出版社,2007 |
| 407页;26cm |
| 21世纪法学系列教材配套辅导用书 |
| ISBN 978-7-300-08628-6:CNY35.00 |
| 本书共分为六编,包括民法总论、物权、债权总论、人身权和民事责任等内容。 |
| ● |
| 相关链接 |
|
|
|
|
正题名:民法练习题集
索取号:D923.04/850
 
预约/预借
| 序号 | 登录号 | 条形码 | 馆藏地/架位号 | 状态 | 备注 |
| 1 | 0792715 | 207927154 | 第一样本阅览室/ [索取号:D923.04/850] | 在馆 | |
| 2 | 0792716 | 207927163 | 第一借阅区/ [索取号:D923.04/850] | 在馆 | |
| 3 | 0792717 | 207927172 | 第一借阅区/ [索取号:D923.04/850] | 在馆 | |
| 4 | 0792718 | 207927181 | 第一借阅区/ [索取号:D923.04/850] | 在馆 | |
| 5 | 0792719 | 207927190 | 第一借阅区/ [索取号:D923.04/850] | 在馆 | |
| 6 | 0792720 | 207927207 | 第一借阅区/ [索取号:D923.04/850] | 在馆 | |
| 7 | 0792721 | 207927216 | 第一借阅区/ [索取号:D923.04/850] | 在馆 | |
| 8 | 0792722 | 207927225 | 第一借阅区/ [索取号:D923.04/850] | 在馆 | |
| 9 | 0792723 | 207927234 | 第一借阅区/ [索取号:D923.04/850] | 在馆 | |
| 10 | 0792724 | 207927243 | 第一借阅区/ [索取号:D923.04/850] | 在馆 |